Reservation politics in India : (Record no. 65056)

MARC details
000 -LEADER
fixed length control field 00674nam a22001697a 4500
005 - DATE AND TIME OF LATEST TRANSACTION
control field 20120416130223.0
020 ## - INTERNATIONAL STANDARD BOOK NUMBER
International Standard Book Number 8170008089
Terms of availability 00.00
035 ## - SYSTEM CONTROL NUMBER
System control number A-759167
037 ## - SOURCE OF ACQUISITION
Stock number DPL
Source of stock number/acquisition ENG
100 ## - MAIN ENTRY--PERSONAL NAME
Personal name Singh, Gopal
245 ## - TITLE STATEMENT
Title Reservation politics in India :
Remainder of title Mandalisation of the society /
Statement of responsibility, etc by Gopal Singh and Hari Lal Sharma
260 ## - PUBLICATION, DISTRIBUTION, ETC. (IMPRINT)
Place of publication, distribution, etc New Delhi
Name of publisher, distributor, etc Deep and Deep Publications
Date of publication, distribution, etc 1995
300 ## - PHYSICAL DESCRIPTION
Extent vii, 174p.
Dimensions 18 cms.
700 ## - ADDED ENTRY--PERSONAL NAME
Personal name Sharma, Hari Lal
9 (RLIN) 45169
942 ## - ADDED ENTRY ELEMENTS (KOHA)
Source of classification or shelving scheme Dewey Decimal Classification
Item type English Books
Classification part 305.56
Call number suffix GUP
Holdings
Withdrawn status Lost status Not for loan Collection code Home library Current library Date acquired Cost, normal purchase price Full call number Barcode Cost, replacement price Koha item type
      Non-fiction Sarojini Nagar Sarojini Nagar 16/04/2012 0.00 305.56 GUP A-759167 0.00 English Books

© Delhi Public Library
Hit Counter
free hit counter